01250nam a2200313Ia 4500001001200000003000800012006001900020007001500039008004100054010001700095020003900112020001800151020001800169040002100187035002100208050002600229082001800255100002200273245011400295260004700409300001500456504006600471533015200537650003000689651004500719655002900764710001700793856012600810ebr10741845CaPaEBRm o u cr cn|||||||||061211s2007 nyu sb 001 0 eng d z 2006101256 z9780801445644 (cloth : alk. paper) z9780801479021 z9780801469978 aCaPaEBRcCaPaEBR a(OCoLC)60840732114aDR93.44b.G365 2007eb04a949.903/22221 aGanev, Venelin I.10aPreying on the stateh[electronic resource] :bthe transformation of Bulgaria after 1989 /cVenelin I. Ganev. aIthaca :bCornell University Press,c2007. axi, 222 p. aIncludes bibliographical references (p. [199]-214) and index. aElectronic reproduction.bPalo Alto, Calif. :cebrary,d2013.nAvailable via World Wide Web.nAccess may be limited to ebrary affiliated libraries. 0aPost-communismzBulgaria. 0aBulgariaxPolitics and governmenty1990- 7aElectronic books.2local2 aebrary, Inc.40uhttp://site.ebrary.com/lib/rucke/Doc?id=10741845zAn electronic book accessible through the World Wide Web; click to view